Najważniejsze daty średniowiecza - Statystyki

Ogólne statystyki
  • Ten quiz został rozwiązany 57 razy
  • Średni wynik to 13 z 28
Statystyki odpowiedzi
Hint Odpowiedź % Poprawnych
Koronacja Bolesława Chrobrego 1025
90%
Zjazd Gnieźnieński 1000
88%
Koronacja Karola Wielkiego 800
81%
Traktat w Verdun - podział imperium Karola Wielkiego 843
81%
Rozbicie Dzielnicowe 1138
69%
Schizma Wschodnia 1054
64%
Bitwa pod Hastings 1066
64%
Wystąpienie Urbana II w Clermont 1095
64%
Unia w Krewie 1385
60%
Bitwa pod Legnicą, Henryk Pobożny odbija Tatarów, 1241
52%
Otwarcie Akademii Krakowskiej i zjazd monarchów w Krakowie 1364
52%
Drugi pokój toruński, Kazimierz Jagiellończyk i Krzyżacy, 1466
50%
Przywilej w Koszycach 1374
48%
Pierwszy pokój toruński, Jagiełło i Krzyżacy, 1411
48%
koronacja Ottona I na Cesarza Rzymskiego Narodu NIemieckiego 962
45%
Wielka Karta Swobód 1215
43%
I Wyprawa Krzyżowa (XXXX-XX) 1096-99
38%
Pokój w Kaliszu, Zakon Krzyżacki i Kazimierz Wielki, 1343
33%
Bitwa pod Mohaczem, podział Czech i Węgier między Osmanów i Habsburgów 1526
33%
Bitwa na Lechowym Polu, Otton I odbija Węgrów, 955
33%
Wojna Stuletnia (XXXX-XXXX) 1337-1453
31%
Bitwa pod Grunwaldem (XX miesiąc XXXX) 15 lipca 1410
31%
Zjazd w Łęczycy, koniec zasady senioratu 1180
19%
IV Wyprawa Krzyżowa (XXXX-XX) 1202-04
19%
Sobór w Konstancji (XXXX-XX) 1414-18
19%
Niewola Awiniońska (XXXX-XX) 1307-77
2%
Epidemia Dżumy (XXXX-XX) 1348-50
2%
Schizma Zachodnia (XXXX-XXXX) 1378-1417
2%
Nie znaleziono quizów pasujących do podanych kryteriów
Rozkład punktacji
Procent ludzi z każdym wynikiem
Percentyl według liczby udzielonych odpowiedzi
Twoja historia wyników
Nie rozwiązałeś tego quizu